Catálogo

Los pilares de la tierra / (Registro nro. 58317)

Detalles MARC
000 -LEADER
fixed length control field 01056nam a2200289 a 4500
001 - CONTROL NUMBER
control field 58317
003 - CONTROL NUMBER IDENTIFIER
control field Mx-PuUPA
005 - DATE AND TIME OF LATEST TRANSACTION
control field 20210305173834.0
008 - FIXED-LENGTH DATA ELEMENTS--GENERAL INFORMATION
fixed length control field 140415s2001 sp r 000 0 spa d
020 ## - INTERNATIONAL STANDARD BOOK NUMBER
International Standard Book Number 8484503844
040 ## - CATALOGING SOURCE
Description conventions rda
Original cataloging agency Mx-PuUPA
Language of cataloging spa
Transcribing agency Mx-PuUPA
Modifying agency Mx-PuUPA
041 0# - LANGUAGE CODE
Language code of text/sound track or separate title spa
100 1# - MAIN ENTRY--PERSONAL NAME
Personal name Follett, Ken,
Dates associated with a name 1949-
Relator term autor
240 10 - UNIFORM TITLE
Uniform title The pillars of the earth.
Language of a work Español
245 14 - TITLE STATEMENT
Title Los pilares de la tierra /
Statement of responsibility, etc. Kin Follett ; traducción de Rosalía Vázquez.
250 ## - EDITION STATEMENT
Edition statement Segunda edición
264 #1 - PRODUCTION, PUBLICATION, DISTRIBUTION, MANUFACTURE, AND COPYRIGHT NOTICE
Place of production, publication, distribution, manufacture Sant Andreu de la Barca, Barcelona :
Name of producer, publisher, distributor, manufacturer Plaza & Janés Editores,
-- Debolsillo,
Date of production, publication, distribution, manufacture, or copyright notice 2001
300 ## - PHYSICAL DESCRIPTION
Extent 1358 páginas ;
Dimensions 19 cm.
336 ## - CONTENT TYPE
Content type term texto
Fuente rdacontent
Content type code txt
337 ## - MEDIA TYPE
Media type term sin medio
Source rdamedia
Media type code n
338 ## - CARRIER TYPE
Carrier type term volumen
Source rdacarrier
Carrier type code nc
650 #4 - SUBJECT ADDED ENTRY--TOPICAL TERM
Topical term or geographic name entry element Literatura Medieval
General subdivision Literatura Norteamericana
Chronological subdivision Siglo XX
General subdivision Novela Norteamericana
700 1# - ADDED ENTRY--PERSONAL NAME
Personal name Vázquez, Rosalía,
Relator term traductor
700 1# - ADDED ENTRY--PERSONAL NAME
Relationship information Traducción de:
Personal name Follett, Ken,
Title of a work The pillars of the earth.
942 ## - ADDED ENTRY ELEMENTS (KOHA)
Source of classification or shelving scheme Dewey Decimal Classification
Koha item type Libro
Classification part 813
Item part FOL
Existencias
Withdrawn status Lost status Source of classification or shelving scheme Damaged status Not for loan Collection code Home library Current library Shelving location Date acquired Source of acquisition Total Checkouts Full call number Barcode Date last seen Date last checked out Price effective from Koha item type
    Dewey Decimal Classification     General Biblioteca Karol Wojtyla Biblioteca Karol Wojtyla Sala general 03/12/2013 Compra 1 813 FOL 2001 87909 05/01/2026 08/05/2019 01/06/2017 Libro